Members of the House Freedom Caucus - Statistics

General Stats
  • This quiz has been taken 99 times
    24 since last reset
  • The average score is 15 of 31
Answer Stats
Picture Answer % Correct
Byron Donalds
94%
Lauren Boebert
89%
Jim Jordan
83%
Harriet Hageman
78%
Chip Roy
72%
Eli Crane
67%
Brandon Gill
61%
Andy Biggs
56%
Mike Collins
56%
Barry Moore
50%
Greg Steube
50%
Mary Miller
50%
Paul Gosar
50%
Clay Higgins
44%
Scott Perry
44%
Andy Harris
39%
Diana Harshbarger
39%
Gary Palmer
39%
Andrew Clyde
33%
Andy Ogles
33%
Josh Brecheen
33%
Keith Self
33%
Michael Cloud
33%
Ralph Norman
33%
Russ Fulcher
33%
Scott DesJarlais
33%
Ben Cline
28%
Eric Burlison
28%
Tom Tiffany
28%
Marlin Stutzman
22%
Morgan Griffith
22%
No matching quizzes found
Score Distribution
Percent of People with Each Score
Percentile by Number Answered
Your Score History
You have not taken this quiz since the last reset